|
|
|
|
| LEADER |
00000nam a2200000 a 4500 |
| 001 |
vtls001368691 |
| 003 |
SK-MaSNL |
| 005 |
20260301161109.0 |
| 008 |
240315s1986 xx 0 und |
| 035 |
|
|
|a SNK000322398
|
| 040 |
|
|
|a SNK
|b slo
|c SNK
|e AACR2
|
| 100 |
1 |
|
|a Števove, Igor
|4 aut
|9 449445
|
| 245 |
1 |
|
|a Obuvnické stroje a zařízení
|b pro 2. a 3. ročník SOU
|
| 260 |
|
|
|a Praha
|b Státní nakladatelství technické literatury
|c 1986
|
| 300 |
|
|
|a 199 s.
|
| 958 |
|
|
|a OND
|
| 999 |
|
|
|c 808049
|d 809979
|
| 952 |
|
|
|a SNK
|b SNK
|y PREZ
|7 0
|p 17A0824567
|o snkSB 41528
|0 0
|1 0
|4 0
|d 2012-05-13
|l 0
|r 2025-04-30 00:00:00
|w 2026-02-24
|
| 952 |
|
|
|t P60, <04>, [BOOK], {604}
|a SNK
|b SNK
|y VYP
|7 0
|p 17A0204996
|o snkSB 41528 D1
|0 0
|1 0
|4 0
|d 1999-07-22
|l 0
|r 2005-01-02 00:00:00
|w 2026-02-24
|